Zváranie ocelí vysokovýkonovými lasermi = The Steel Welding by High Efficiency Lasers : Bakalárska práca

Gespeichert in:
Bibliographische Detailangaben
1. Verfasser: Mulík, Peter (Verfasst von)
Weitere Verfasser: Magaš, Martin, 1980- (xxx)
Format: Manuskript Buch
Sprache:Slowakisch
Veröffentlicht: Trnava : STU v Bratislave MtF KZv, 2007
Schlagworte:
Tags: Tag hinzufügen
Keine Tags, Fügen Sie das erste Tag hinzu!

MARC

LEADER 00000ntm a22000003a 4500
001 stu145560
005 20160719155742.4
008 070918s2007----xo------------------slo-d
040 |a STU  |b slo 
041 0 |a slo 
044 |a xo 
100 1 |a Mulík, Peter  |4 aut 
245 1 |a Zváranie ocelí vysokovýkonovými lasermi = The Steel Welding by High Efficiency Lasers :  |b Bakalárska práca 
260 |a Trnava :  |b STU v Bratislave MtF KZv,  |c 2007 
300 |a 45 s  |c 1 CD-ROM 
500 |a Odbor: Technológie strojárskej výroby 
650 7 |a zváranie laserom  |2 stusub 
700 1 |a Magaš, Martin,  |d 1980-  |4 xxx  |u M140  |T MTF Katedra zvárania  |X 10244  |U M140  |Y M140  |7 A000010244 
996 |b 284M065937  |c M*BP-2406  |l MMSKP  |s P  |a 0  |w stu145560_0001